Matemática : seminario de ingreso /

Guardado en:
Autor Principal: Suhit, Gloria N.
Formato: Libro
Publicado: Bahía Blanca : Utn Frbb, 2010
Edición:2a. ed.
Materias:
Etiquetas: Agregar Etiqueta
Sin Etiquetas, Sea el primero en etiquetar este registro!
LEADER 00723nam a22002175a 4500
001 CEM.cems018023
005 20130613103246.0
008 130507s2010##################000#0#####d
003 CEMS
082 0 4 |a 510 
100 1 |a Suhit, Gloria N. 
245 1 0 |a Matemática :  |b seminario de ingreso /  |c Gloria N. Suhit 
250 |a 2a. ed. 
260 |a Bahía Blanca :  |b Utn Frbb,  |c 2010 
300 |a 164 p. 
500 |a Curso introductorio de matemática 
505 0 |a Números reales -- Funciones -- Trigonometría -- Actividades finales y de profundización 
653 |a Matemática 
653 |a Matemática-ingreso utn 
653 |a Universidad tecnológica nacional 
859 |a CEMS  |b BIB. CEMS - Agricultura  |h 510  |i Su36a2  |p A1900.13  |t Ej.1